【駅名読み問題】 まち? or ちょう? - Statistics

General Stats
  • This quiz has been taken 60 times
  • The average score is 23 of 40
Answer Stats
Question Answer % Correct
板橋本町 いたばしほんちょう
82%
栄町(富山県) さかえまち
82%
杉並町 すぎなみちょう
82%
寺町 てらまち
82%
的場町 まとばちょう
82%
六番町 ろくばんちょう
79%
柏木町 かしわぎちょう
76%
小網町 こあみちょう
74%
稲荷町(広島県) いなりまち
71%
芦原町 あしはらちょう
68%
堀川町 ほりかわちょう
68%
袋町 ふくろまち
65%
銀山町 かなやまちょう
62%
本川町 ほんかわちょう
62%
観音町(広島県) かんおんまち
59%
黒髪町 くろかみまち
59%
深堀町 ふかぼりちょう
59%
舟入町 ふないりまち
59%
牛込柳町 うしごめやなぎちょう
56%
高砂町 たかさごちょう
56%
宝町(東京都) たからちょう
56%
社町 やしろちょう
56%
榎町 えのきまち
53%
千歳町(長崎県) ちとせまち
53%
三好町 みよしちょう
53%
曙町東町 あけぼのちょうひがしまち
50%
大津町 おおつまち
50%
観音町(福井県) かんのんまち
50%
小泉町(群馬県) こいずみまち
50%
鍛治屋町 かじやちょう
47%
新中川町 しんなかがわまち
47%
花園町 はなぞのちょう
47%
段山町 だにやままち
41%
坂下町 さかしたまち
38%
新川町(北海道) しんかわちょう
38%
博労町 ばくろうまち
38%
若葉町 わかばまち
38%
通町筋 とおりちょうすじ
32%
緑町 みどりちょう
29%
中町(西町北) なかまち(にしちょうきた)
26%
No matching quizzes found
Score Distribution
Percent of People with Each Score
Percentile by Number Answered
Your Score History
You have not taken this quiz